000 00726nam a2200253 i 4500
003 DO-SdBNP
005 20250819135015.0
007 ta
008 250613b2025 dr ac||| |||| 00| 0 spa d
020 _a9789945946673
040 _aDO-SdBNP
_bspa
_cBNPHU
_erda
041 _aspa
082 4 _axxx
_bxxx
_222
245 1 0 _aPlan estratégico :
_buniversidad ISA 2025-2030
264 1 _aSanto Domingo :
_bUniversidad ISA,
_c2025.
300 _avolúmenes ;
_c26 cm.
336 _atexto
_btxt
_2rdacontent
337 _asin mediación
_bn
_2rdamedia
338 _avolumen
_bnc
_2rdacarrier
505 _aPlan estratégico--
_tVersión pública
590 _aInventariado, 2025 /BT
910 _aBtavárez
942 _2ddc
_cLBS1
999 _c58357
_d58357